| 000 | 00784nam a2200277Ia 4500 | ||
|---|---|---|---|
| 003 | OSt | ||
| 005 | 20221006153056.0 | ||
| 006 | a|||||r|||| 00| 0 | ||
| 007 | ta | ||
| 008 | 221006b |||||||| |||| 00| 0 kor d | ||
| 020 |
_a9788975990298 _cW8,000 |
||
| 024 | _a31,219 | ||
| 037 |
_bGift, Korea Foundation _cTextual |
||
| 040 |
_aEASL _cEASL _bkor |
||
| 041 |
_2kor _akor |
||
| 082 | _aI.495, N7 | ||
| 100 |
_aBOO Song Min Au. _9662412 |
||
| 245 | 0 | _aIlban Sikmulhak | |
| 260 |
_aDaejon _bChungnam University Korea _c1997 |
||
| 300 |
_a246p. _ccm. |
||
| 490 | _v KL | ||
| 650 | _aKL | ||
| 700 |
_a BYOUN Jong Young Au. _9662413 |
||
| 942 |
_hI.495, N7 _cTEXL _2CC |
||
| 999 |
_c1099305 _d1099305 |
||